000
00303nam a22001337a 4500
008
170216b xxu||||| |||| 00| 0 eng d
020
_a
9781416047148
041
_a
eng
080
_2
4 ED
_a
61
100
_a
4
101
_a
SHM
245
_a
ESSENTIALS DISEASES AND CONDITION
_c
FRAIZER
942
_2
udc
_c
BK
999
_c
5677
_d
5677